Statistics for Celebrity Name Mash-ups #4

Click here to take the quiz!

General Stats

  • This quiz has been taken 34 times
  • The average score is 13 of 52

Answer Stats

Mash-up NameOriginal Celebrities% Correct
Junan O'BrierConan O'Brien
83%
Steghan MarveySteve Harvey
76%
Catbert BlansteinCate Blanchett
69%
Pauhn HollyoltaJohn Travolta
62%
Jefila KuzosJeff Bezos
59%
Leonant NimwoodLeonard Nimoy
59%
Steghan MarveyMeghan Markle
59%
Quenli D'ArtinioQuentin Tarantino
55%
Sethneth MacTrowGwyneth Paltrow
45%
Olina SpekrigoOlivia Rodrigo
45%
Catbert BlansteinAlbert Einstein
41%
Jefila KuzosMila Kunis
41%
Sethneth MacTrowSeth MacFarlane
41%
Chrisphey MagkenChristopher Walken
38%
Octaryn SpellOctavia Spencer
38%
Woolotte BronenCharlotte Brontë
34%
Jayd FeatherFloyd Mayweather
31%
Renan GrompsokiRob Gronkowski
31%
Bolon MulanBob Dylan
28%
Pauhn HollyoltaPaul Hollywood
28%
Rosie BlacahRebecca Black
28%
Nathu FilliuNathan Fillion
24%
Janie SheinCharlie Sheen
21%
Naten YeunnSteven Yeun
21%
Bolon MulanElon Musk
17%
Jodor MayliJohn Mayer
17%
Leonant NimwoodClint Eastwood
14%
Elliah PyleElliot Page
14%
Junan O'BrierJustin Bieber
14%
Elliah PyleNoah Wyle
14%
Nathu FilliuSimu Liu
14%
Quenli D'ArtinioCharli D'Amelio
10%
Renan GrompsokiKenan Thompson
10%
Wilka ChopettPriyanka Chopra
10%
Olina SpekrigoRegina Spektor
10%
Woolotte BronenWoody Allen
10%
Jonk BastiaeanJoe Bastianich
7%
Linah KollJonah Hill
7%
Christen JeoveKen Jeong
7%
Octaryn SpellLauryn Hill
7%
Spam LeponSpike Lee
7%
Chrisphey MagkenTobey Maguire
7%
Christen JeoveChristopher Reeve
3%
Jonk BastiaeanFrank Ocean
3%
Jayd FeatherJamie Foxx
3%
Rosie BlacahJosie Totah
3%
Jodor MayliSalvador Dali
3%
Wilka ChopettWill Arnett
3%
Spam LeponAdam Rippon
0%
Janie SheinJanis Joplin
0%
Linah KollLiza Koshy
0%
Naten YeunnNatalie Wynn
0%

Score Distribution

Percentile by Number Answered

Percent of People with Each Score

Your Score History

You have not taken this quiz